01899nam a2200397 a 45000010008000000030009000080050017000170070008000340080040000420200018000820400022001000920034001221000038001562450186001942600053003803000033004335000054004665000046005205000034005665040026006005050132006266500045007586500045008036500049008486500041008976500046009387000037009847000042010219100037010639420012011009450039011129520150011519520167013019560018014689990015014860000317DO-SdBNP20180306092601.00000317150130s2013 dr abc 000 0 spa d a9789945461974 aBPMSUbspacBPMSU a372.257bV335c, 1ro. 20131 aVásquez Güichardo, Julia Mery10aCiencias de la naturaleza 1 : b[educación básica] /cJulia Mery Vásquez Güichardo, Andrea Griselda Rincón Ozuna ; producción editorial María del Jesús de la Rosa  aSanto Domingo :bActualidad Escolar 2000,c2013. a2v. :bil., retrs. ;c28 cm. aPrimer grado. Primer ciclo educación básica.  aEdición revisada y actualizada al 2013. aIncluye el libro del maestro. aBibliografía p: 1121 tConozco mi cuerpo --tAnimales de mi entorno --tLas plantas de mi entorno --tLos seres vivos se relacionan con su ambiente -- 4aCIENCIAS NATURALESxENSEÑANZA BÁSICA 4aCIENCIAS NATURALESxEDUCACIÓN PRIMARIA 4aEDUCACIÓN PRIMARIAxREPÚBLICA DOMINICANA 4aCIENCIAS NATURALESxLIBROS DE TEXTOS 4aCIENCIAS NATURALESxESTUDIOS Y EJERCICIOS12aRincón Ozuna, Andrea Griselda 1 aRosa, María del Jesús de la eed. aValidado. Control de calidad MFF 2ddccBK aRemanejado para la BNPHU / 2018 VM 00102ddc40708CEaBPMETbBPMETd2016-04-20eDonaciónl0o372.257 V335c 1ro. 2013 v.1 pBPMSU16040597r2016-04-20w2016-04-20yBK 00102ddc40708CEaBPMETbBPMETd2016-04-20eDonaciónl0o372.257 V335c 1ro. 2013 v.2 Libro del maestropBPMSU16040598r2016-04-20w2016-04-20yBK aYLOCKWARDb10 c9869d9869